00510nam a2200181Ia 4500008004100000020001800041082000800059100002900067245003200096250000600128260002900134300001700163500002400180650001000204942000700214952009000221999001700311230524s9999 xx 000 0 und d a9789339219726 bNAG aPraveen Nagarajan942893 0aPrestressed Concrete Design a1 aNew DelhibPearsonc2016 a"XIII,307p;" aQuantity Number: 1 aCivil cBK 00104070aTATCLbTATCLcGENd2023-05-24l0o NAGp54155r2023-05-24w2023-05-24yBK c57863d57863